000 01010nam a2200253 i 4500
003 DO-SdBNP
005 20240612141435.0
007 ta
008 240412s2024 dr a 000 j spa d
020 _a9789945223408
040 _aDO-SdBNP
_bspa
_cBNPHU
_erda
082 _bR175
_222
100 _aRamos Miranda, Evelyn
_985082
_eautora
245 1 3 _a1,2,3, lindas poesías para ti /
_cEvelyn Ramos Miranda
264 1 _aSanto Domingo :
_bBúho,
_c2024.
300 _a40 páginas
_bIlustraciones
_c29 cm.
336 _2rdacontent
_atexto
_btxt
337 _2rdamedia
_asin mediación
_bn
338 _2rdacarrier
_avolumen
_bnc
520 _a1,2,3, lindas poesías para ti. Es un libro de poemas infantiles con temas sobre el mundo circundante de la Educación Inicial en nuestra República Dominicana. Para que los niños y niñas puedan disfrutar de este contenido lleno de belleza y magia para su aprendizaje significativo.
590 _aInventariado, 2024/ YL
910 _aYLockward
942 _2ddc
_cLF2
999 _c56834
_d56834